[Event "Interzonal-15"]
[Site "Manila"]
[Date "1990.??.??"]
[Round "7"]
[White "Petursson, Margeir"]
[Black "Anand, Viswanathan"]
[Result "0-1"]
[WhiteElo "2550"]
[BlackElo "2610"]
[Annotator "Anand,V"]
[PlyCount "94"]
[EventDate "1990.06.29"]
[EventType "swiss"]
[EventRounds "13"]
[EventCountry "PHI"]
[SourceTitle "CBM 019"]
[Source "ChessBase"]
[SourceDate "1990.12.01"]
[SourceVersion "1"]
[SourceVersionDate "1990.12.01"]
[SourceQuality "1"]

1. d4 {Ribli} d6 2. c4 e5 3. Nc3 exd4 4. Qxd4 Nf6 5. g3 (5. Bg5 {Ribli} Be7 6.
Nf3 O-O 7. e3 Nc6 8. Qd2 {Boensch,U-Kosten,A Budapest Noviki-A 1989 CBM 15}) (
5. b3 {Ribli} g6 6. Bb2 Bg7 7. g3 O-O 8. Bg2 Nc6 9. Qd2 Re8 10. Nh3 d5 $5 {
Sadler,M-McNab,C London WFW 1989 CBM 13}) 5... Nc6 6. Qd2 g6 (6... a5 {Ribli}
7. Bg2 Be6 8. b3 a4 9. Rb1 axb3 10. axb3 Be7 11. Nh3 O-O 12. O-O h6 13. Bb2 Nb4
14. Nf4 Bf5 15. Ra1 $14 {Petursson,M-Okhotnik,V Beograd GMA-op 1989 CBM 10}) 7.
Bg2 Bg7 8. Nh3 (8. e4) 8... O-O 9. Nf4 a5 10. O-O Re8 $6 (10... a4 $142) 11.
Re1 $6 (11. b3 $14) (11. e4 a4 12. Rb1 Ne5 13. b3 $14) (11. Rb1 {Ribli} Bf5 $1)
11... a4 12. Rb1 Nd7 $1 13. b3 axb3 14. axb3 Nce5 $1 (14... Nde5 $5 {/\ Nd4}
15. Nb5 $1 $14) 15. Qc2 Nc5 16. b4 (16. Bb2 {Ribli}) 16... Bf5 $1 17. e4 (17.
Ne4 Na4 {/\ Nc6}) 17... Ne6 $1 18. Nxe6 (18. exf5 Nd4 {/\ Nef3} 19. Qe4 (19.
Qd1 {Ribli} Nef3+ 20. Bxf3 Rxe1+ 21. Qxe1 Nxf3+ $19) 19... gxf5 $1 20. Qxb7 Rb8
$19) (18. Be3 Bg4 19. Nxe6 Rxe6 $17) 18... Bxe6 19. Nd5 (19. c5 dxc5 20. Rd1 (
20. bxc5 Qd3 $1 $17) 20... Qf6 $1 $17) 19... b5 $1 20. Bb2 (20. cxb5 $2 {Ribli}
Bxd5 21. exd5 Nf3+) 20... Ra2 $1 (20... Nxc4 21. Bxg7 Kxg7 22. Qc3+ f6 23. Nf4
c6 $1 $15 (23... Bf7 24. e5 Nxe5 25. Bxa8 Qxa8 26. Re3 Rc8 {/\ c5~/=})) 21. Nc3
Rxb2 $1 22. Rxb2 Bxc4 $1 (22... Nxc4 23. Ra2 $13) 23. Re3 (23. Rd1 Qf6 $17 24.
Nd5 Nf3+ 25. Bxf3 Qxf3 $40) 23... Bh6 $2 (23... Ng4 $1 24. Rf3 (24. Re1 Bd4 $19
) 24... Bd4 25. Qd2 c5 $19) 24. f4 $1 $10 Ng4 25. Rf3 Bg7 26. Qd2 (26. Rb1 $5
$13) 26... Qa8 27. h3 Qa1+ (27... Qa7+ 28. Kh1 Qa1+ 29. Rb1 Bxc3 30. Qc2 $1)
28. Bf1 Bxf1 29. Rxf1 Qa3 (29... Qa7+ 30. Kh1 Ne3 31. Rc1 $1 Nc4 32. Ra2 Qb7
33. Qd5 $1 $13) 30. Rf3 Nf6 31. Re3 d5 (31... Nd5 $5 32. Nxd5 Qxb2 33. Qxb2
Bxb2 34. Nxc7 Rb8 35. Rd3 $14 {_|_}) 32. Nxd5 (32. Nd1 $1 Qa7 33. e5 Ne4 $13) (
32. e5 {Ribli} d4 $1) 32... Qa1+ 33. Re1 Qa7+ $1 (33... Nxe4 34. Rxa1 Nxd2 35.
Rxd2 Bxa1 36. Nxc7 $10) 34. Kh2 $2 (34. Kh1 $6 Nxe4 35. Ra2 Qb7 $1 $17) (34.
Qe3 Qxe3+ 35. Nxe3 Nxe4 36. Rc2 Nxg3 $15) 34... Nxd5 35. Ra2 Qd4 $1 $19 36.
Qxd4 Bxd4 37. Ra5 Nc3 38. e5 Bb6 39. Ra3 Nd5 40. Rb3 Nxb4 $1 41. Rd1 c5 42. Rd7
Rb8 43. g4 Ba5 44. Ra7 Nc6 45. Ra6 Nd4 46. Ra3 Bd2 47. Kg3 b4 0-1

[Event "Interzonal-15"]
[Site "Manila"]
[Date "1990.??.??"]
[Round "11"]
[White "Miles, Anthony John"]
[Black "Anand, Viswanathan"]
[Result "0-1"]
[WhiteElo "2595"]
[BlackElo "2610"]
[Annotator "Anand,V"]
[PlyCount "80"]
[EventDate "1990.06.29"]
[EventType "swiss"]
[EventRounds "13"]
[EventCountry "PHI"]
[SourceTitle "CBM 019"]
[Source "ChessBase"]
[SourceDate "1990.12.01"]
[SourceVersion "1"]
[SourceVersionDate "1990.12.01"]
[SourceQuality "1"]

1. Nf3 {Ribli} d6 2. d4 Bg4 3. c4 Nd7 4. Nc3 e5 5. e3 Be7 6. Be2 Ngf6 7. h3 Bh5
8. b3 (8. g4 Bg6 9. Nh4 Ne4 10. Nxg6 Nxc3 11. bxc3 hxg6 12. Rb1 $14 {Gurevich,
D-Norwood,D Rejkjavik Summit 1990 CBM 18}) 8... c6 9. d5 O-O 10. dxc6 bxc6 11.
O-O Nc5 12. Ba3 $6 Qa5 13. Bb2 Qb6 $10 14. Rb1 $6 (14. Nh4 Bxe2 (14... Bg6 {
Ribli} 15. Nxg6 hxg6 16. Qc2) 15. Qxe2 g6 $10) 14... Bg6 15. Rc1 a5 16. Ba3
Nfe4 $1 17. Nxe4 Bxe4 (17... Nxe4 $2 18. Nxe5 $16) 18. Ne1 Rfd8 19. Nd3 Bg6 20.
Nxc5 $6 dxc5 21. Qe1 a4 22. Rc3 e4 $6 {ץg6} (22... Bf6 $1 $17) 23. bxa4 Rxa4
24. Qc1 Qa6 25. Rd1 Ra8 26. Bb2 Rxa2 27. Rb3 {/\ Rd7} Bf5 $1 {/\ Be6 ><c4} 28.
Qb1 Qc8 29. Bf1 h5 30. Be2 $6 Bg6 $1 {/\ Qf5} 31. Rd2 Bf6 32. Qd1 Qf5 33. Bf1
Kh7 $1 34. Bxf6 Qxf6 35. Qe2 $2 $138 Ra1 $17 36. Rbb2 $2 Qc3 $19 37. Rbc2 Qd3
$1 38. Rb2 Qxe2 39. Rxe2 Bf5 40. Rec2 Be6 {/\ 41... Rd1 42. Rd2 Rf1!-+} (40...
Be6 41. f3 exf3 42. Kf2 fxg2 43. Bxg2 R8a6 44. h4 R1a4 $19) 0-1

[Event "Interzonal-15"]
[Site "Manila"]
[Date "1990.??.??"]
[Round "12"]
[White "Anand, Viswanathan"]
[Black "Gurevich, Mikhail"]
[Result "1-0"]
[WhiteElo "2610"]
[BlackElo "2640"]
[Annotator "Anand,V"]
[PlyCount "75"]
[EventDate "1990.06.29"]
[EventType "swiss"]
[EventRounds "13"]
[EventCountry "PHI"]
[SourceTitle "CBM 019"]
[Source "ChessBase"]
[SourceDate "1990.12.01"]
[SourceVersion "1"]
[SourceVersionDate "1990.12.01"]
[SourceQuality "1"]

1. e4 e6 2. d4 d5 3. e5 c5 4. c3 Nc6 5. Nf3 Bd7 6. Be2 Nge7 (6... f6) 7. Na3
cxd4 8. cxd4 Nf5 9. Nc2 Nb4 10. Nxb4 Bxb4+ 11. Bd2 Qa5 (11... Qb6 $1 12. Bxb4 (
12. a3 Bxd2+ 13. Qxd2 Bb5 $10) 12... Qxb4+ 13. Qd2 Qxd2+ $10) 12. a3 $1 (12.
Bxb4 $5) 12... Bxd2+ 13. Qxd2 Qxd2+ 14. Kxd2 f6 15. Rac1 Ne7 16. b4 Kd8 (16...
Nc6 17. b5 $5 Na5 18. Kc3 a6 19. a4 $14 {/\ Kb4}) 17. Bd3 Rc8 18. Rxc8+ Nxc8 (
18... Kxc8) 19. g4 h6 $6 (19... Nb6 $1 20. b5 (20. exf6 gxf6 21. g5 Nc4+ {/\}
22. Bxc4 dxc4 23. gxf6 Bc6 $13) 20... Ke7 21. Rc1 $5) 20. Nh4 Ne7 21. f4 a6 (
21... fxe5 22. dxe5 $1 $14) 22. Rf1 Bb5 23. f5 $2 (23. exf6 gxf6 24. Re1 Rg8 $1
$132) (23. Re1 $14) 23... h5 $6 (23... Bxd3 $1 24. Kxd3 h5 25. Ng6 Rh6 26. Nf4
hxg4 (26... exf5 $5) 27. Nxe6+ Ke8 28. Nxg7+ Kf7 $15) 24. Ng6 $6 Nxg6 $2 (24...
Bxd3 $1) 25. exf6 $1 gxf6 26. fxg6 Ke7 $6 (26... Bxd3 27. Kxd3 Ke7 (27... hxg4
28. Rxf6 Ke7 29. g7 Rg8 30. Rg6 $18) 28. g5 fxg5 29. Rf7+ $18) 27. g5 $1 f5 (
27... Bxd3 28. gxf6+) 28. Bxb5 axb5 29. Rc1 Kd6 30. Ke3 Rg8 31. Kf4 b6 32. Rc3
Rxg6 33. Rh3 Rg8 34. Rxh5 Rc8 35. g6 Rc4 36. Rg5 $1 Rxd4+ 37. Ke3 (37. Kf3 $2
Rg4 $1) 37... Re4+ 38. Kf2 1-0

[Event "Candidates m7"]
[Site "Madras"]
[Date "1991.??.??"]
[Round "4"]
[White "Anand, Viswanathan"]
[Black "Dreev, Alexey"]
[Result "1-0"]
[WhiteElo "2635"]
[BlackElo "2625"]
[Annotator "Anand,V"]
[PlyCount "81"]
[EventDate "1991.01.??"]
[EventType "match"]
[EventRounds "6"]
[EventCountry "IND"]
[SourceTitle "Candidates"]
[Source "ChessBase"]
[SourceDate "1999.07.01"]
[SourceVersion "2"]
[SourceVersionDate "1999.07.01"]
[SourceQuality "1"]

1. e4 e6 2. d4 d5 3. Nc3 Nf6 4. e5 Nfd7 5. f4 c5 6. Nf3 Nc6 7. Be3 a6 8. Qd2 b5
9. h4 Bb7 $1 (9... b4 10. Na4 cxd4 (10... c4 11. b3 $14) 11. Nxd4 Nxd4 12. Bxd4
Bb7 13. Qe3 $14) (9... cxd4 10. Nxd4 Nxd4 11. Bxd4 Bb7 12. Bd3 $14) 10. h5 $6 (
10. dxc5 Bxc5 (10... Nxc5 $1 11. Qf2 Ne4 12. Nxe4 dxe4 13. Ng5 Nb4 $36) 11.
Bxc5 Nxc5 $132) (10. a3 $13) 10... b4 $1 11. Na4 $2 cxd4 $6 (11... Nxd4 $1 12.
Nxd4 (12. Bxd4 cxd4 13. Nxd4 Qa5 14. b3 Nc5 15. Nxc5 Bxc5 $17) 12... cxd4 13.
Bxd4 Bc6 $17) 12. Bf2 $1 Qc7 13. Bd3 Na5 $2 (13... f6 14. O-O fxe5 15. fxe5 (
15. Ng5 e4 16. Nxe6 Qd6 $17) 15... Be7 $15) 14. Nxd4 Nc4 15. Qc1 Bc6 $2 16.
Nxc6 Qxc6 17. b3 Na3 18. O-O Rc8 19. Qe3 g6 20. Qh3 Bh6 21. Be3 Nb5 22. Rf3 $36
Nc3 {not necessary but then black would constantly have to watch out for Na4-b6
} 23. Nxc3 Qxc3 24. Raf1 Qc6 25. Kh1 Bg7 (25... Nc5 $2 26. f5 Bxe3 27. hxg6 $18
) 26. Bd4 (26. g4 $1 Nc5 27. Bxc5 $16) 26... Nc5 27. Bxc5 $6 Qxc5 28. g4 Rc6 $1
29. R1f2 Qd4 30. Qf1 Ke7 31. Rh2 a5 $2 {><b5} 32. h6 $1 Bf8 33. f5 gxf5 34.
gxf5 Rg8 $2 (34... exf5 $1 {His best chance} 35. Rxf5 Kd8 36. Rxf7 Be7 $14) 35.
fxe6 fxe6 36. Bxh7 $1 (36. Rf7+ Ke8 37. Bb5 {The consequence of 31...a5} Qe4+
38. Rf3 $18) 36... Rc3 37. Bxg8 Qe4 38. Rhh3 Bxh6 39. Qg2 $1 Qe1+ 40. Qg1 Qe4
41. Qa7+ 1-0

[Event "Candidates m7"]
[Site "Madras"]
[Date "1991.??.??"]
[Round "6"]
[White "Anand, Viswanathan"]
[Black "Dreev, Alexey"]
[Result "1-0"]
[WhiteElo "2635"]
[BlackElo "2625"]
[Annotator "Anand,V"]
[PlyCount "70"]
[EventDate "1991.01.??"]
[EventType "match"]
[EventRounds "6"]
[EventCountry "IND"]
[SourceTitle "Candidates"]
[Source "ChessBase"]
[SourceDate "1999.07.01"]
[SourceVersion "2"]
[SourceVersionDate "1999.07.01"]
[SourceQuality "1"]

1. e4 e6 2. d4 d5 3. Nc3 Nf6 4. e5 Nfd7 5. f4 c5 6. Nf3 Nc6 7. Be3 Qb6 8. Na4
Qa5+ 9. c3 cxd4 10. b4 Nxb4 11. cxb4 Bxb4+ 12. Bd2 Bxd2+ 13. Nxd2 g5 $1 (13...
b6 14. Bd3 Ba6 15. Nb2 Nc5 16. Bxa6 Qxa6 17. a4 $1 $16 {Nunn}) 14. Nb2 (14. Rb1
$5) 14... gxf4 15. Nd3 b6 16. Kf2 (16. Qg4 Ba6 17. Qxf4 Rc8 $1 (17... Bxd3 18.
Bxd3 Qc3 19. Ke2 $16 {In Informant the line given is 19.0-0 Qd3 20.Qf7 Kd8 21.
Qe6 Qe3 22.Kh1 Qe5 +/= but this is unnecessary}) 18. Qxd4 Qc3 (18... Rc4 19.
Qb2 Re4+ 20. Kd1 Qa4+ 21. Nb3 $13 (21. Qb3 $6 Qd4 $40) (21. Kc1 $6 $13 Re3 $19)
) 19. Qxc3 Rxc3 20. Nf4 (20. Nb4 Bxf1 21. Rxf1 a5 $17) 20... Bxf1 $15) 16...
Ba6 17. Nf3 Rc8 $1 {Dreev plays the next few moves accurately} (17... Bxd3 18.
Bxd3 Nc5 19. Re1 $16) 18. Nxf4 Nc5 19. g3 (19. Bxa6 Ne4+ 20. Kg1 Qxa6 21. Nxd4
$13) 19... d3 $1 20. Bxd3 (20. Nxd3 Ne4+ 21. Kg2 Qa3 $36) 20... Nxd3+ 21. Nxd3
Qa3 22. Nf4 Qb2+ 23. Kg1 Rc2 (23... Rc3 24. Rb1 Qxa2 25. Ra1 Qb2 $10 (25... Qc4
$6 26. Qa4+ Qxa4 27. Rxa4 Bc4 28. Rxa7 $16)) 24. Qd4 Qa3 (24... Rc3 25. Rd1 $14
) 25. Ne1 Rb2 (25... Rxa2 26. Rxa2 Qxa2 27. h3 $13 {This may have been Black's
best try-the position is extremely double-edged}) 26. Rc1 Qxa2 27. Nh5 {
In time-trouble this an extremely annoying move and Dreev quickly bashed out
27...Qb3?} Qb3 $2 (27... Bc4 $1 {The position is still O.K for Black} 28. Nf6+
(28. Rxc4 $6 Rb1 $1 29. Nf6+ Kd8) 28... Kd8 (28... Ke7 $2 29. Rxc4 Rb1 30. Rc7+
$18) 29. Qf4 $15 (29. Ne4 $5 Rb1 $1 {this possibility was pointed out by John 
(Van der Wiel) and Jeroen (Piket)} 30. Nc3 Rxc1 31. Nxa2 Rxe1+ 32. Kg2 Re2+ 33.
Kh3 Rxa2 $17)) 28. Nf6+ Kd8 29. Nxd5 $1 $18 exd5 (29... Qxd5 30. Qxb2 Bb7 31.
Ng2 $18) 30. e6 Ke7 (30... Rf8 31. e7+ Kxe7 32. Qe5+ Kd8 33. Rc3 $1 Qb4 34.
Qc7+ Ke8 35. Re3+ $18) (30... Re8 31. exf7 Rf8 32. Qf6+ Kd7 33. Rc3 (33. Qc6+
$1 Ke7 34. Qc7+ Kf6 35. Rc6+ Kg7 36. Qe5+ Kxf7 37. Rc7+ $18) 33... Qb5 (33...
Qd1 34. Qc6+ (34. Re3 Re2 $3 35. Qe6+ Kc7 36. Rc3+ Bc4 $17) 34... Ke7 35. Qc7+
Kf6 36. Rc6+ Kg7 37. Qe5+ Kxf7 38. Rf6+ $18) 34. Nd3 $1 (34. Re3 Qf1+ 35. Qxf1
Bxf1 36. Kxf1 Rxf7+ $15) 34... Rb1+ 35. Kg2 Qxd3 36. Qc6+ Ke7 37. Qc7+ Kf6 38.
Rc6+ Kg7 39. Qe5+ Kxf7 40. Rc7+ $18) 31. Rc3 $1 Qb5 32. Rc7+ Kxe6 33. Qe3+ {
The point of 31.Rc3} Kf6 34. Qe7+ Kf5 35. Qxf7+ Kg5 1-0

[Event "Linares 09th"]
[Site "Linares"]
[Date "1991.??.??"]
[Round "2"]
[White "Karpov, Anatoly"]
[Black "Anand, Viswanathan"]
[Result "0-1"]
[WhiteElo "2725"]
[BlackElo "2635"]
[Annotator "Anand,V"]
[PlyCount "92"]
[EventDate "1991.02.??"]
[EventType "tourn"]
[EventRounds "13"]
[EventCountry "ESP"]
[EventCategory "17"]
[SourceTitle "CBM 022"]
[Source "ChessBase"]
[SourceDate "1991.06.01"]
[SourceVersion "1"]
[SourceVersionDate "1991.06.01"]
[SourceQuality "1"]

1. Nf3 {Ribli} c5 2. c4 Nc6 3. Nc3 Nd4 $5 {A provacative move but not easy to
refute} 4. e3 Nxf3+ 5. Qxf3 g6 6. b3 Bg7 7. Bb2 d6 8. g3 Rb8 9. Bg2 Nf6 $1 {
The most precise move order} (9... Bd7 10. O-O Bc6 11. Qe2 Bxg2 12. Kxg2 Nf6
13. Ne4 $14 {Andersson-Ljubojevic}) (9... Nh6 {Ribli} 10. Qd1 a6 11. O-O O-O
12. d3 b5 13. Qd2 Bb7 14. Bxb7 Rxb7 15. Nd5 Bxb2 16. Qxb2 Ng4 $13 {Ftacnik,
L-Miles,A Manila izt 1990 CBM/19 49/53}) 10. h3 (10. Qd1 {Ribli} O-O (10... Bg4
$5) 11. d4 Bg4 12. Qd2 Qc8 13. O-O Bh3 {Ribli,Z-Miles,A Wijk 1989 CBM/11})
10... O-O (10... b5 11. Nxb5 $1 Bb7 12. Qxb7 Rxb7 13. Bxb7 O-O 14. Bg2 $14 {
Karpov}) 11. O-O a6 12. Qe2 b5 $1 13. d3 b4 14. Nd1 (14. Nb1) 14... a5 15. a4
e5 16. e4 (16. d4 $2 e4 $1 {><d1} (16... cxd4 $6 17. exd4 Nd7 18. dxe5 dxe5 19.
Ne3 $14) (16... exd4 17. exd4 Re8 $10 18. Ne3 $140 Ng4 $1)) 16... h5 17. h4 Ne8
18. Ne3 Nc7 (18... Bh6 {/\ Ng7=}) 19. Kh2 Ne6 20. Bh3 Bh6 $2 21. Ng2 (21. Nd5
$5 {Ribli}) 21... Bg7 $8 22. Rae1 (22. f4 exf4 23. gxf4 Bxb2 24. Qxb2 Nd4)
22... Rb7 23. Bxe6 $1 Bxe6 24. f4 Bg4 25. Qd2 Re7 26. Ne3 (26. f5 gxf5 27. exf5
f6 28. Ne3 $140 Bh6 $10 (28... Bh6 {Ribli} 29. Qf2 Bxe3 30. Qxe3 Rh7 $10))
26... f5 27. exf5 gxf5 28. Nd5 Re6 (28... Ree8) 29. Qf2 (29. fxe5 dxe5 30. Nf4
$6 exf4 31. Rxe6 fxg3+ 32. Kg1 (32. Kxg3 f4+) (32. Kg2 f4 33. Rg6 f3+ 34. Kxg3
(34. Kg1 f2+ 35. Kg2 Qa8+ $19) 34... Qb8+ 35. Kf2 Qh2+ 36. Ke1 f2+ 37. Qxf2
Re8+ $1 38. Kd2 Re2+ 39. Kc1 Rxf2 $19) 32... Bd4+ $1 33. Bxd4 Qxd4+ 34. Kg2 f4
35. Re4 Qc3 $1 (35... f3+ 36. Kxg3 Qd6+ 37. Rf4 $18) 36. Qxc3 bxc3 37. Rc1 $140
f3+ 38. Kxg3 f2 39. Kg2 f1=Q+ 40. Rxf1 Rxf1 41. Kxf1 c2 42. Re1 Bd1 $19) (29.
d4 $1 e4 (29... cxd4 30. Bxd4 {><a5,b4}) 30. Qe3 {/\ Rf1-f2-d2,Qe3-f2,Nd5-e3+/-
}) 29... Rfe8 30. Bc1 $2 (30. fxe5 Bxe5 31. Bxe5 Rxe5 32. Rxe5 Rxe5 33. Qf4 Kg7
34. Rf2 $16) 30... e4 31. dxe4 Rxe4 32. Rxe4 Rxe4 33. Re1 $4 (33. Be3 $10)
33... Rxe1 34. Qxe1 Kf7 35. Qd2 (35. Kg2 $17) 35... Bf3 36. Ne3 Be4 37. Bb2
Bxb2 38. Qxb2 Qf6 $19 39. Qxf6+ (39. Qe2 Kg6 40. Qd2 Qd4 41. Qxd4 cxd4 42. Nf1
Bc2 43. Nd2 Kf7 44. Kg2 Ke7 45. Kf2 Kd7 46. Ke2 Kc6 47. Kf2 Kc5 48. Ke2 d5 49.
cxd5 Kxd5 50. Kf2 d3 51. Ke3 Kc5 $19) 39... Kxf6 40. Kg1 Bb1 41. Nf1 Bc2 42.
Nd2 Ke6 43. Kf2 d5 44. cxd5+ Kxd5 45. Ke3 Bd1 $1 46. Kd3 Bxb3 0-1

[Event "Linares 09th"]
[Site "Linares"]
[Date "1991.??.??"]
[Round "6"]
[White "Anand, Viswanathan"]
[Black "Ljubojevic, Ljubomir"]
[Result "1/2-1/2"]
[WhiteElo "2635"]
[BlackElo "2590"]
[Annotator "Anand,V"]
[PlyCount "102"]
[EventDate "1991.02.??"]
[EventType "tourn"]
[EventRounds "13"]
[EventCountry "ESP"]
[EventCategory "17"]
[SourceTitle "CBM 022"]
[Source "ChessBase"]
[SourceDate "1991.06.01"]
[SourceVersion "1"]
[SourceVersionDate "1991.06.01"]
[SourceQuality "1"]

1. e4 c5 2. Nf3 Nc6 3. d4 cxd4 4. Nxd4 Qc7 5. Nc3 e6 6. Be3 a6 7. Bd3 Nf6 8.
O-O Nxd4 $6 9. Bxd4 Bc5 10. Bxc5 Qxc5 11. Na4 Qc7 12. c4 b6 13. Qe2 Bb7 14.
Rac1 (14. e5 $2 Qc6) 14... d6 15. Qe3 Nd7 16. Rfd1 O-O 17. Bf1 Rfd8 18. Qd4 Qc6
19. Nc3 $14 Nf6 20. f3 h6 21. b3 Rab8 22. Rc2 Qc7 23. Rcd2 Bc6 24. a4 Rd7 (
24... a5 25. Nb5 Bxb5 26. cxb5 $14) 25. b4 $6 Bb7 26. Qe3 Rc8 27. Ra1 Rdd8 28.
a5 Nd7 29. Nd1 bxa5 30. Rxa5 Ne5 31. Nb2 Nc6 32. Ra4 e5 $132 33. Nd1 Nd4 34.
Qf2 Rb8 35. Rb2 Qd7 36. Ra3 f5 37. exf5 Qxf5 38. Ne3 Qg5 $6 (38... Qf6 $10) 39.
Qg3 Qf6 40. h3 Kh8 41. Raa2 Rf8 42. Bd3 g5 $1 43. c5 Qe7 44. cxd6 Qxd6 45. Nc4
(45. Bf1 Nxf3+ $40) 45... Nxf3+ 46. gxf3 (46. Qxf3 Rxf3 47. Nxd6 Rxd3 48. Nxb7
$10) 46... Qxd3 47. Qxe5+ Kh7 $8 (47... Kg8 48. Qe6+ Kg7 49. Rd2 $18) 48. Qe7+
Kh8 $1 $10 49. Qe5+ Kh7 50. Qe7+ Kh8 51. Qe5+ Kh7 1/2-1/2

[Event "Linares 09th"]
[Site "Linares"]
[Date "1991.??.??"]
[Round "7"]
[White "Jussupow, Artur"]
[Black "Anand, Viswanathan"]
[Result "0-1"]
[WhiteElo "2605"]
[BlackElo "2635"]
[Annotator "Schussler,H"]
[PlyCount "80"]
[EventDate "1991.02.??"]
[EventType "tourn"]
[EventRounds "13"]
[EventCountry "ESP"]
[EventCategory "17"]
[SourceTitle "CBM 022"]
[Source "ChessBase"]
[SourceDate "1991.06.01"]
[SourceVersion "1"]
[SourceVersionDate "1991.06.01"]
[SourceQuality "1"]

1. d4 {Anand} Nf6 2. Nf3 e6 3. e3 b6 4. Bd3 Bb7 5. O-O d5 {Gives White simple
play. 5. - c5 is more dynamic.} (5... c5 {Anand}) 6. Ne5 Nbd7 7. f4 g6 8. b3
Bg7 9. Nd2 (9. Ba3 {Anand} c5) 9... c5 10. Bb2 O-O 11. Qf3 Ne8 12. Qh3 Nd6 13.
Ndf3 Re8 14. Ng5 Nf8 15. dxc5 bxc5 16. Rad1 f6 17. Nxh7 $1 $16 Nxh7 18. Nxg6
Qc7 19. Rf3 (19. Ne7+ $5 Rxe7 20. Qxh7+ Kf8 21. Rf3 $16) 19... Ne4 (19... c4 $2
{Anand /^a3-f8} 20. Ne7+ (20. Qxh7+ $2 Kxh7 21. Ne7+ Ne4) 20... Rxe7 21. Bxh7+
Kf8 22. Rg3 $16) 20. Bxe4 dxe4 21. Rg3 Rad8 $1 22. Rxd8 Qxd8 23. Qg4 Qd5 24. h4
Qf5 25. Qd1 Qd5 26. Qg4 Qf5 27. Qd1 Qd5 28. Qe2 $5 $13 Bc8 29. h5 Kf7 30. Qg4
Ng5 31. fxg5 $2 {31.h6!?} (31. Ne5+ $1 {Anand} fxe5 32. fxg5 $18) 31... f5 $1
32. Qe2 Bxb2 33. c4 Qd6 34. Qxb2 e5 (34... Qxg3 {Anand} 35. Qf6+ Kg8 36. Qh8+
Kf7 37. Qh7#) 35. Rh3 (35. Qc1 $16 {Anand}) 35... f4 36. Rh4 fxe3 37. Kh2 (37.
Rxe4 {Anand} Qd1+ 38. Kh2 Qxh5+ 39. Nh4 Bf5) (37. Qe2 {Anand} Qd4 (37... Qd2
38. Qf1+) 38. Kh2 $14) 37... Bf5 38. Qe2 Qd2 $17 39. Qf1 Ke6 40. Rxe4 Bxe4 0-1

[Event "Linares 09th"]
[Site "Linares"]
[Date "1991.??.??"]
[Round "11"]
[White "Kasparov, Garry"]
[Black "Anand, Viswanathan"]
[Result "1/2-1/2"]
[WhiteElo "2800"]
[BlackElo "2635"]
[Annotator "Schussler,H"]
[PlyCount "54"]
[EventDate "1991.02.??"]
[EventType "tourn"]
[EventRounds "13"]
[EventCountry "ESP"]
[EventCategory "17"]
[SourceTitle "CBM 022"]
[Source "ChessBase"]
[SourceDate "1991.06.01"]
[SourceVersion "1"]
[SourceVersionDate "1991.06.01"]
[SourceQuality "1"]

1. e4 e5 2. Nf3 Nf6 3. d4 Nxe4 4. Bd3 d5 5. Nxe5 Bd6 6. O-O O-O 7. c4 Bxe5 8.
dxe5 Nc6 9. cxd5 Qxd5 10. Qc2 Nb4 11. Bxe4 Nxc2 12. Bxd5 Bf5 13. g4 Bxg4 14.
Be4 Nxa1 15. Bf4 f5 16. Bd5+ (16. Bxb7 Nc2 17. f3 Bh5 18. Bd5+ Kh8 19. Bxa8
Rxa8 20. Rd1 c5 $1 $13) 16... Kh8 17. Rc1 c6 (17... Rad8 $6 18. Nc3 b5 19. e6
$16) 18. Bg2 Rfd8 19. Nd2 (19. f3 Bh5 20. Na3 Rd4 21. Be3 Rb4 22. Nc4 Ra4 23.
Na3 {Draw agreed, Sax,G - Yusupov,A, Thessaloniki (ol) 1988.}) 19... Rxd2 20.
Bxd2 Rd8 21. Bc3 Rd1+ 22. Rxd1 Bxd1 23. f4 $2 {23.Bf1! gives White a clear
advantage according to Rozentalis.} Nc2 24. Kf2 Kg8 25. a4 a5 $1 $10 26. Bxa5
Nd4 27. Bf1 Bb3 {28.Ke3 Ne6 29.Bb6 Bxa4 30.Bc4 Kf7 31.Bxe6 Kxe6 32.Kd4 =}
1/2-1/2

[Event "Linares 09th"]
[Site "Linares"]
[Date "1991.??.??"]
[Round "13"]
[White "Salov, Valery"]
[Black "Anand, Viswanathan"]
[Result "1-0"]
[WhiteElo "2645"]
[BlackElo "2635"]
[Annotator "Salov,V"]
[PlyCount "101"]
[EventDate "1991.02.??"]
[EventType "tourn"]
[EventRounds "13"]
[EventCountry "ESP"]
[EventCategory "17"]
[SourceTitle "CBM 022"]
[Source "ChessBase"]
[SourceDate "1991.06.01"]
[SourceVersion "1"]
[SourceVersionDate "1991.06.01"]
[SourceQuality "1"]

1. Nf3 {Schussler} Nf6 2. c4 e6 3. d4 b6 4. g3 Bb7 5. Bg2 Be7 6. O-O O-O 7. Nc3
Ne4 8. Qc2 Nxc3 9. Qxc3 c5 10. Rd1 d6 11. Qc2 Nc6 12. d5 Nb4 13. Qd2 exd5 14.
cxd5 Bf6 15. a3 Na6 16. Rb1 $5 {TN} (16. h4 h6 17. Rb1 Re8 18. b4 Qe7 19. Bb2
$1 Bc8 (19... Rad8 $142 $1 20. Bxf6 Qxf6 21. bxc5 Nxc5 22. Nd4 Ne4 23. Bxe4
Rxe4 24. Nc6 Rde8 25. e3 Bc8 $1 $40) 20. Qf4 Bxb2 21. Rxb2 $14 {
Kortschnoj-Salov,Skelleftea 1989}) 16... Nc7 $1 (16... Re8 17. b4 Qe7 18. Bb2
$1 Qxe2 19. Bxf6 Qxd2 20. Nxd2 gxf6 21. Ne4 $14) 17. e4 Re8 18. Qc2 (18. Re1
Nb5 $1 $10) 18... Qe7 $1 (18... Nb5 19. Be3 Qe7 20. a4 Nc7 21. Nd2 $16) 19. Re1
Nb5 $1 20. Bd2 (20. Be3 $5 Qxe4 21. Qb3 Nc7 22. Bxc5 Qxd5 23. Qxd5 Bxd5 24.
Bxd6 Rxe1+ 25. Rxe1 Nb5 26. Be5 Bxf3 27. Bxf3 Re8 28. Bc6 Rxe5 29. Rxe5 Bxe5
30. Bxb5 $10) 20... Bc8 $1 21. Qd3 $6 (21. e5 $2 dxe5 22. d6 Nxd6 23. Nxe5 Bxe5
24. Bxa8 Bf5 $19) (21. Bf1 $142 Bd7 22. Qb3 Nd4 23. Nxd4 Bxd4 24. Bc3) 21...
Bd7 $1 22. Bf1 (22. Bf4 g5 $1 $36) 22... Rac8 $1 23. Qb3 $1 Nd4 24. Nxd4 Bxd4
25. Bc3 Qf6 $1 $10 26. Bxd4 (26. Qc2 Bg4 $1 $132) 26... Qxd4 27. Rbd1 Ba4 (
27... Qa4 $142 28. Qxa4 Bxa4 29. Rd2 Bd7 30. f4 f6 $10) 28. Rxd4 Bxb3 29. Rd2
c4 30. f4 $14 Rc5 $5 (30... c3 31. bxc3 Rxc3 32. Bb5 $14) 31. Kf2 Kf8 32. Bh3
$1 (32. e5 $2 dxe5 33. fxe5 c3 $1 34. bxc3 Bxd5 $17) 32... f6 (32... Rd8 33.
Bg2 $1 f6 34. e5 fxe5 35. fxe5 dxe5 36. Rxe5 $36) 33. Be6 (33. Bd7 $5) 33...
Ke7 34. Ke3 Ba4 35. Rc1 Bd7 36. f5 Rb8 $2 (36... Rec8 $142 37. Kd4 b5 38. g4
R8c7 39. h4 Be8 40. g5 a5 41. Rdc2 $14) 37. Kd4 b5 38. g4 Be8 39. h4 Rc7 40. g5
Bh5 41. Rc3 (41. b3 $6 Rb6 $1 42. bxc4 Ra6 $132) 41... Rbb7 42. Rg2 a5 43. Bg8
h6 (43... Rb8 $5 44. Bxh7 Rbc8 {/\b5-b4<=>}) 44. gxh6 gxh6 45. Be6 Be8 46. Rg8
h5 47. Rh8 Kd8 48. Rg3 $1 $18 Rh7 (48... b4 49. Rgg8 Re7 50. axb4 axb4 51. Bf7
Rxf7 52. Rxe8+ Kc7 53. Rc8+ Kb6 54. Rxc4 $18) (48... Rg7 49. Rg6 $1 $18) 49.
Rxh7 Rxh7 50. Rg8 Rc7 (50... Ke7 51. Kc3 Bf7 52. Ra8 $18) (50... Rb7 51. Kc3
Rc7 52. e5 dxe5 53. d6 Ra7 54. a4 $18) 51. Kc3 1-0